[Event "EU-Cup 13th Group6"]
[Site "Heraklion"]
[Date "1997.10.10"]
[Round "1"]
[White "Georgiev, Krum"]
[Black "Dudas, Jan"]
[Result "1-0"]
[WhiteElo "2530"]
[BlackElo "2325"]
[Annotator "Har Zvi,R"]
[PlyCount "65"]
[EventDate "1997.10.10"]
[EventType "team-k.o."]
[EventRounds "3"]
[EventCountry "GRE"]
[SourceTitle "EXT 2020"]
[Source "ChessBase"]
[SourceDate "2019.10.17"]
[SourceVersion "1"]
[SourceVersionDate "2019.10.17"]
[SourceQuality "1"]
[WhiteTeam "Heraklion"]
[BlackTeam "Bratislava Radegast-Dunaj"]
[WhiteTeamCountry "GRE"]
[BlackTeamCountry "SVK"]

1. e4 c5 2. Nf3 e6 3. b3 Nc6 4. Bb2 d6 5. d4 cxd4 6. Nxd4 Nf6 7. Bd3 (7. Nxc6
$5 bxc6 8. e5 Ne4 9. exd6 Qa5+ 10. Nd2 Bxd6 11. Bd3 Nxd2 12. Qxd2 Qxd2+ 13.
Kxd2 $14) 7... Be7 (7... d5 8. Nxc6 bxc6 9. Nd2 Qc7 10. Qe2 Be7 11. O-O O-O 12.
c4 Rd8 13. Rac1 Qa5 14. Bc3 Qb6 15. cxd5 cxd5 16. e5 Nd7 17. Nf3 a5 18. Bd4 Qb4
19. Rc7 a4 20. bxa4 Qxa4 21. Bb5 Qa5 22. Rfc1 Ba3 23. R1c3 Rb8 24. Bd3 Be7 25.
Ra7 Qb4 26. Rb3 {Kramnik,V-Polgar,J/New-York PCA Rapid 1994}) 8. O-O Qb6 (8...
O-O 9. c4 (9. Nd2 e5 10. Nxc6 bxc6 11. Nc4 Qc7 12. f4 Nd7 13. Qh5 f6 14. Ne3
Nc5 15. Bc4+ Be6 16. Qe2 exf4 17. Nf5 Rfe8 18. Bxe6+ Nxe6 19. Qc4 Bf8 20. Rad1
$44 {Mellado,J-Rodriguez,O/Platja d'Aro Barcino 1994}) 9... Bd7 10. Nc2 Ne5 11.
Nc3 Bc6 12. Ne3 a6 13. Bc2 b5 14. Qd4 bxc4 15. Nxc4 Nxc4 16. Qxc4 $14 {
Georgiev,Kr-Ipek,A/Balkaniad,men1993}) 9. Nd2 (9. Nxc6 $5) 9... Nxd4 10. Nc4
Qc5 11. b4 Qc7 {11...Qxb4 is not so simple at it seems since white has some
surprises in the way} (11... Qxb4 12. c3 $1 (12. Bxd4 Qa4 $8 {white was
threatening c3,but here I can not see white's compensation for his pawn}) 12...
Nf3+ $1 (12... Ne2+ 13. Bxe2 Qc5 14. Ba3 $36) (12... Qc5 13. cxd4 $36) 13. Qxf3
Qa4 14. Ba3 $36 Qc6 (14... d5 $5) 15. Qg3 e5 $2 16. Bxd6 $1 Bxd6 17. Qxg7) 12.
Bxd4 O-O (12... e5 13. Bb2 Nxe4 (13... Be6 14. Ne3) 14. Nxe5 $1 (14. f4 O-O 15.
fxe5 dxe5 16. Bxe5 Qc6 17. Qf3 f5 $13) 14... dxe5 (14... Nxf2 $5) 15. Bxe4 O-O
16. a3 $14) 13. e5 dxe5 14. Bxe5 Qc6 15. Qe2 $1 (15. a3 b6 {and black is OK})
15... Bd7 (15... Bxb4 16. Bxf6 gxf6 17. Rab1 $1 {without this way,I could not
find an advantage for white} Qc5 (17... Bc5 18. Bxh7+ Kxh7 19. Qh5+ Kg7 20.
Qg4+ Kh7 21. Rb3) 18. Rb3 f5 19. Rfb1 b5 20. Rxb4 bxc4 21. Rxc4 $14) (15... b6
$5 {this is a critical move,since if black has the chance to play here Bb7
then he is immediately OK,but he does not!} 16. Bxf6 Bxf6 (16... Bb7 17. Be4
$18) 17. b5 $1 (17. Be4 $6 Qc7 18. Bxa8 Ba6 {many pieces are hanging here})
17... Qb7 18. Be4 (18. Rad1 Rb8) 18... Qb8 19. Rad1 (19. Bxa8 Bxa1) 19... Bb7
20. Rd7 Bxe4 21. Qxe4 $14) 16. a3 $14 {white is slightly better thanks to his
better pieces,and his space advantage,white's play is quite simple...simply
try to create an attack on the king's side by bringing all your pieces there!}
Rad8 17. Bb2 Qc7 18. Ne5 Bc8 {black is going now for the idea b6-Bb7,but the
problem is that he has wasted quite a lot of time} (18... Bd6 19. c4 $14) (
18... Nd5 $5) 19. Rfe1 b6 20. Qf3 Bb7 21. Qh3 $40 {most of white's pieces are
"looking" to the king's side} g6 (21... h6 22. Re3 $40) 22. Re3 Rd5 (22... Nd5
$2 23. Qh6 $1 Nxe3 (23... Nf6 24. Ng4 $18) 24. Nxg6 f6 25. Nxf8 Bxf8 26. Qxe3
$18) (22... a5 $5 {here and in the next move,this seems as a good move for
black since he has no squares at all in the center,this move may give him the
"c5" square}) 23. Rae1 Re8 $4 {this move is so weak that white has now 2
winning moves,one which he actully played in the game} (23... a5 $5) 24. Nxf7
$1 $18 (24. c4 Rdd8 25. Nxf7 Kxf7 26. Qxe6+ Kg7 27. Qxe7+) 24... Rh5 25. Nh6+
$1 (25. Qxe6 Qxh2+) 25... Kg7 26. Qg3 Qxg3 27. hxg3 Kxh6 (27... Rxh6 28. Rxe6
Kf7 29. Bc4 Nd5 (29... Bd5 30. Rxf6+) 30. Bc1 Rh5 31. g4 Rh4 32. Rxe7+ $1 Rxe7
33. Rxe7+ Kxe7 34. Bg5+) 28. Rxe6 Ng8 29. g4 Rd5 30. R1e3 Kg5 31. Bc1 Kxg4 (
31... Rxd3 32. Rxd3+ Kxg4 33. Re5) 32. Rg3+ Kh5 33. Be2+ 1-0

[Event "Villa Martelli"]
[Site "Villa Martelli"]
[Date "1997.06.11"]
[Round "11"]
[White "Ginzburg, Maximiliano"]
[Black "Ricardi, Pablo"]
[Result "0-1"]
[WhiteElo "2450"]
[BlackElo "2575"]
[Annotator "Har Zvi,R"]
[PlyCount "60"]
[EventDate "1997.06.01"]
[EventType "tourn"]
[EventRounds "11"]
[EventCountry "ARG"]
[EventCategory "13"]
[SourceTitle "CBM 060"]
[Source "ChessBase"]
[SourceDate "1997.09.29"]
[SourceVersion "1"]
[SourceVersionDate "1997.09.29"]
[SourceQuality "1"]

1. e4 c5 2. Nf3 d6 3. c3 Nf6 4. Be2 g6 5. O-O Bg7 6. Re1 O-O 7. Bf1 Nc6 (7...
Bg4) (7... e5) 8. d3 (8. a3 Ne8 (8... Bg4 9. h3 Bxf3 10. Qxf3 Nd7 11. Qd1 Rb8
12. a4 a6 13. Na3 Qc7 14. d3 b5 15. axb5 axb5 16. d4 cxd4 17. Nxb5 Qb6 18. cxd4
Nxd4 19. Be3 e5 20. b4 $14 {Torre,O-De Firmian,N Biel 1989}) 9. h3 e5 10. b4
Nc7 11. bxc5 dxc5 12. a4 Kh8 13. Bc4 Be6 14. Na3 Qd7 $13 {Torre,O-Shirov,A
Manila izt 1990}) (8. Na3 e5 9. d3 h6 10. g3 (10. Nc4 Re8 11. Nfd2 Be6 12. g3
d5 13. exd5 Nxd5 14. Ne4 b6 15. Bg2 Re7 16. Qa4 Qc7 $15 {[%csl Rd3] Lutz,
Ch-Stohl,I Rimavsha Sobota 1991}) 10... Re8 11. Bg2 Rb8 12. Nc2 b5 13. Ne3 Be6
14. Nd2 Qd7 15. Nd5 Bg4 16. Bf3 $13 {Torre,O-Hellers,F Biel 1989}) 8... e5 9.
h3 d5 (9... h6 10. a3 a5 (10... Bd7 11. b4 cxb4 12. axb4 b5 13. Na3 Qb8 14. Nc2
d5 15. Nd2 a5 16. bxa5 Nxa5 17. Nb4 Be6 18. Bb2 dxe4 19. dxe4 Qb7 $15 {[%csl
Rc4] Torre,O-Andersson,U Buenos Aires 1978}) 11. a4 d5 12. Nbd2 b6 13. g3 Be6
14. exd5 Nxd5 15. Nc4 Qc7 16. Bd2 Rad8 $15 {[%csl Rd3] Seret,JL-Brenninkmeijer,
J Lyon zt 1990}) (9... Re8 10. Bg5 h6 11. Bxf6 Qxf6 12. Na3 Qd8 13. Nc4 d5 14.
exd5 Qxd5 15. Nfd2 Rd8 16. a3 Qd7 $13 {Hodgson,J-Khalifman,A London WFW 1991})
10. Nbd2 h6 (10... Re8 11. a3 h6 12. b4 cxb4 13. cxb4 a6 14. Bb2 d4 15. Rc1 Nd7
16. Nb3 Nb6 17. Nc5 Nd7 $11 {Loginov,V-Gurevich,V URS-OT56 Uzhgorod 1988}) (
10... b6 11. a3 a5 12. a4 Ba6 13. exd5 Qxd5 (13... Nxd5) 14. Qc2 Nh5 15. Nc4
Rab8 16. Na3 f5 $13 {Zaichik,G-Diaz,Jc Camagueg 1987}) 11. Qc2 Be6 12. g3 Rc8 {
to me it is not clear at all what white got of the opening or what he was
hoping to get,but is seems black has a very nice position he controls the
centet,he had better pieces than white has,that's not a position a player with
the white piece should hope for} 13. Kh2 d4 (13... Qd7) 14. c4 Ne8 $1 $15 {
[%cal Ge8d6,Gb7b5,Yf7f5] a very strong move,d6 is the ideal square for the
knight,from there he can support both breaks f5 and b5,it does not happan each
day when a knight which can play normally on one wing can effect both wings}
15. a3 a5 16. Bg2 (16. a4 {by this move,white closes the queen's side but
black is also better on the king's side!} Nd6 {[%cal Gf7f5]}) 16... Nd6 17. Nf1
b5 (17... f5 $6 18. exf5 gxf5 $6 {that's is the problem,this move does not
work now} (18... Nxf5) 19. Nxe5 (19. Bf4 Nf7 20. Nxe5 Ncxe5 21. Bxe5 Nxe5 22.
f4) 19... Nxe5 20. f4 Nxd3 21. Rxe6 Nxc1 22. Rxc1) 18. cxb5 (18. b3 $2 a4 $19)
18... Nxb5 {[%csl Rb2]} 19. N3d2 (19. Qxc5 $4 Nca7) 19... Nd6 20. b3 (20. Qxc5
$2 Nb8 $1 (20... Nb4 $2 21. axb4 Rxc5 22. bxc5) 21. Qa7 Nd7 {with Ra8 on the
next move winning the queen}) 20... a4 21. b4 (21. bxa4 Na5 {[%cal Gc5c4]})
21... cxb4 22. Qxa4 Qb6 23. axb4 (23. Rb1 $2 Nb5 {[%cal Gb5c3]}) {[%tqu "En",
"try to find black's next move","","","b6b7","",7]} 23... Qb7 24. Nb3 (24. Qd1
Nb5 {[%cal Gb5c3,Gc6b4]}) 24... Qxb4 $6 {24...Qxb4 gives white some chances.
24...Nxb4 seems much stronger when white is hopeless} (24... Nxb4 $1 25. Ba3 (
25. Na5 Qb5 $19 {[%cal Gb4c2,Gb4d3]}) 25... Nxd3 26. Bxd6 Nxe1 27. Bxf8 Bxf8
28. Rxe1 Bxb3 $19) 25. Nfd2 {the wrong knight to the right square! white will
lose this game because all his pieces are stuck in the queens side,doing
nothing just being under black's attack} (25. Nbd2 $142 Qxa4 26. Rxa4 Ra8 27.
Ra3 (27. Rxa8 Rxa8 28. Bf3 Ra2 {[%cal Gc6b4,Yd6b5,Yb5c3] seems unpleasent for
white}) 27... Nb4 28. Rd1 Nb5 $19) 25... Nb5 (25... Qc3 $5 26. Ra3 Qxd3 27. Nc5
Qb5 28. Nxe6 fxe6 {is big big achivement for white,in the game white wish to
get this position,of course black is better,but just watch what happaned in
the game}) 26. Bf1 (26. Bb2 $142 Qxa4 27. Rxa4 Nc3 28. Bxc3 (28. Raa1 $2 Rb8
29. Ra3 Rfc8 $19 {[%cal Gg7f8]}) 28... dxc3 29. Nc4 Rb8 30. Nc5 c2 $17) 26...
Rb8 $1 27. Bb2 (27. Be2 Qxa4 28. Rxa4 Nc3 29. Ra3 Rfc8 $19) 27... Qxa4 (27...
Bxb3 28. Nxb3 Nba7 29. Qxb4 Rxb4 30. Ba3 Rxb3 31. Bxf8 Bxf8 $17) 28. Rxa4 Nc3
29. Ra3 (29. Ra6 Nb4) 29... Rfc8 30. Nc4 Bf8 0-1

[Event "ISR-ch"]
[Site "Jerusalem"]
[Date "1996.??.??"]
[Round "6"]
[White "Kogan, Artur"]
[Black "Maryasin, Boris Feliksovich"]
[Result "1-0"]
[WhiteElo "2475"]
[BlackElo "2400"]
[Annotator "Har Zvi,R"]
[PlyCount "67"]
[EventDate "1996.10.26"]
[EventType "swiss"]
[EventRounds "9"]
[EventCountry "ISR"]
[SourceTitle "CBM 056"]
[Source "ChessBase"]
[SourceDate "1997.02.01"]
[SourceVersion "1"]
[SourceVersionDate "1997.02.01"]
[SourceQuality "1"]

1. e4 c5 2. Nf3 Nc6 3. Nc3 e6 4. g3 Nf6 5. Bg2 d6 6. O-O e5 $6 {a very strange
move,white does not want to play d4 now but d3 so why to lose a tempi and give
up the d5 square?} (6... Be7 7. d3 O-O (7... a6 8. h3 O-O (8... Bd7 9. Nh2 Nd4
10. f4 Bc6 11. Nb1 d5 12. c3 dxe4 13. dxe4 Nxe4 14. Bxe4 Bxe4 15. cxd4 cxd4
$146 16. Nd2 Bc6 17. Ndf3 Qd5 {1/2-1/2 Gofshtein,L-Gheorghiu,F Lenk op 1994})
9. Nh2 d5 10. a4 b6 11. Ng4 Nb4 12. Nxf6+ Bxf6 13. exd5 exd5 14. Ne2 Ra7 15. c3
Nc6 16. Nf4 $14 {Balashov,Y-Barga,K EU-chT Moscow 1977}) 8. h3 a6 (8... Rb8 $5
{with b5-b4}) (8... Bd7 9. Nh2 (9. Be3 a6 10. Nh2 Nd4 11. f4 Bc6 12. Nb1 Qb6
13. b3 d5 14. Nd2 dxe4 15. dxe4 Rfd8 $13 {Brooks,M-Grunfeld,Y Lone pine op 1981
}) 9... Nd4 10. f4 Bc6 11. a4 Qd7 12. b3 b6 13. g4 $13 {Hodgson,J-Frias,V New
York WFW 1990}) 9. Nh2 Bd7 $6 (9... d5 $5) 10. f4 b5 11. g4 b4 12. Ne2 e5 13.
Nf3 $14 {Kuprejcik-Suba Medina del Campo 1980 30/305}) 7. d3 Be7 8. Nd2 $1 O-O
9. Nc4 Nd4 10. Ne3 {Xd5} g6 11. f4 exf4 12. gxf4 Nh5 (12... Be6 13. f5) 13.
Ncd5 Bh4 {13...f5 was a possible idea although white gets the two bishops plus
black creates some weaknesses,because in the game after black move white
playes f5 by himself with good attacking chances} 14. c3 Nc6 15. f5 $16 {
black has no counter play at all,all he can do is just wait for white attack
to begin} Nf6 16. Nxf6+ Bxf6 17. Nd5 Bh8 {cee only move and black;s maybe last
chance was 17...Be5,atleast having one active piece which also prevents white
from playing Bh6 beacuse of Bxh2} (17... Be5 $1 $8 {the only move to keep the
fight}) 18. Bh6 Re8 19. Qf3 Ne5 20. Qg3 f6 {now we see which bishop we got on
h8} (20... Bd7 21. fxg6 hxg6 22. Bg5) 21. d4 $1 Nf7 22. Be3 g5 (22... cxd4 23.
cxd4 g5 24. Rac1) 23. dxc5 Ne5 24. cxd6 Qxd6 25. Rad1 Qc6 26. Bf3 $1 b6 (26...
Nxf3+ 27. Qxf3 b6 28. e5 $18) 27. Bh5 Bb7 28. Bxg5 $1 fxg5 29. Qxg5+ Kf8 30. f6
Qc5+ (30... Nf7 31. Bxf7 Kxf7 32. Qh5+ {with mate in a few moves}) 31. Kh1 Bxd5
32. Rxd5 (32. Qh6+ Kg8 33. Rg1+ Ng6 34. Bxg6) 32... Qxd5 33. Qh6+ Kg8 34. exd5
1-0

[Event "RUS-Cup6"]
[Site "Krasnodar"]
[Date "1997.??.??"]
[Round "1"]
[White "Morozevich, Alexander"]
[Black "Petrushin, Alexander I"]
[Result "1-0"]
[WhiteElo "2595"]
[BlackElo "2415"]
[Annotator "Har Zvi,R"]
[PlyCount "83"]
[EventDate "1997.03.11"]
[EventType "swiss"]
[EventRounds "9"]
[EventCountry "RUS"]
[SourceTitle "EXT 2000"]
[Source "ChessBase"]
[SourceDate "1999.11.16"]
[SourceVersion "1"]
[SourceVersionDate "1999.11.16"]
[SourceQuality "1"]

1. e4 c5 2. Nf3 d6 3. Bc4 Nf6 4. d3 (4. Qe2 Nc6 5. h3 (5. c3 Bg4 6. Bb3 e6 7.
d3 d5 8. Nbd2 Be7 9. h3 Bh5 10. O-O Qc7 $11 {Leko,P-Sadler,M Oostende 1992 60/
(196)}) 5... e6 6. Bb3 Be7 7. c3 b6 8. O-O O-O 9. Rd1 (9. d4 Bb7 10. Nbd2 cxd4
11. cxd4 Rc8 12. a3 Rc7 $1 13. Re1 Qa8 $15 {Leko,P-Adorian,A Hungary (ch) 1992
60/(196)}) 9... a5 10. d4 cxd4 11. cxd4 a4 12. Bc4 (12. Bxa4 $2 Rxa4 13. Qb5
Ra7 14. Qxc6 Bb7 $17) (12. Bc2 Nb4) 12... d5 (12... Nxe4 $4 13. Bb5 $18) 13.
exd5 Nxd5 14. Nc3 Ncb4 15. Ne5 Bb7 16. Ne4 $13 {Leko,P-Romero Holmes,A Leon
1994 60/196 [Leko,P]}) 4... Nc6 5. c3 (5. Bb3 g6 6. c3 Bg7 7. Nbd2 O-O 8. O-O
b6 9. Re1 Ba6 10. Nf1 Ne5 11. Bc2 Nfd7 12. Bg5 h6 13. Bh4 Nxf3+ 14. Qxf3 Ne5
15. Qd1 Nc6 16. Ne3 Qd7 17. f4 $36 {Adams,M-Gelfand,B Linares 1997}) 5... e6 (
5... a6 6. Bb3 Bg4 7. h3 Bh5 (7... Bxf3 8. Qxf3 g6) 8. Qe2 e6 9. g4 Bg6 10. Nh4
d5 11. Nxg6 hxg6 12. g5 $16 {/~~ Leko,P-Schneider,A Hungary 1996 66/161 [Leko,
P]}) 6. Bb3 Be7 7. O-O O-O 8. Re1 b6 9. Nbd2 Bb7 (9... Ba6 10. Nf1 Ne5 11. Bc2
Rc8 12. Bf4 (12. h3) 12... Nxf3+ (12... Ng6) 13. Qxf3 Nd7 14. Rad1 Ne5 15. Qh5
$14 {Waitzkin,J-Browne,W USA (ch) 1995 65/191}) 10. Nf1 Rc8 11. Ng3 Ne5 {
I am not a big specialist in this line,but it seems quite strange that black
gives white to play d4in this way Qc7 is the typicla which has been played by
quite strong players} (11... Qc7 12. Bf4 Ne5 13. d4 Ng6 14. Bg5 h6 15. Bd2 $13
{Waitzkin,J-Yermolinsky,A USA (ch) 1995 65/192}) 12. d4 {if you compare this
position to the game mentioned above than after 12...cxd4 13.cxd4 Ng6 white
will have one tempi more since he has not played Bf4 yet} Nxf3+ (12... Ng6) 13.
Qxf3 cxd4 14. cxd4 $14 d5 15. e5 Ne4 16. Qg4 {[%cal Gc1h6]} Nxg3 (16... Kh8 17.
Nh5 g6 (17... Rg8 18. f3 g6 19. fxe4 gxh5 20. Qxh5 dxe4 21. Be3 {[%csl Rf7,Rh7]
})) 17. hxg3 $16 {[%cal Gh1h8]} Kh8 18. Qe2 $3 {[%cal Gf1a6,Gb1h6,Gg3g4,Gg2g3]
a very impressing move,first of all white prevents Ba6 by black,secondly white
prepers a very simple plan,g4-g3-Kg2 and just mate along the "h" file,and the
third idea is simply to play Bc2-Bd3 when the bishop is very strong along the
b1-h7 diagonal and the f1-a6 diagonal} f5 19. exf6 Bxf6 20. Qd3 Qd7 21. Bf4 {
[%csl Re5,Re6]} Bc6 22. Bc2 g6 23. Rad1 {now it is just like a dream to play
with the white pieces,white has key squares in the centre,clear tergets to
attack better pieces...} Bb5 24. Qd2 Ba6 25. Bb1 Rc6 26. Be5 {a correct idea
after exchanging the black coloured bishops white will have full control over
the black squares} Bxe5 27. Rxe5 Kg7 28. Rde1 Qf7 29. f4 Qf6 30. Qe3 Bc8 31.
Bd3 $1 {the bishop is directed to g4 where is get put pressure on the e6 pawn}
Rc7 32. Be2 Rc6 33. b4 $1 {[%csl Ra7] a good example of the principle of two
weaknesses,it is very difficult to win if one has only one weaknesses since he
can defend it with all his pieces,byr if he has 2 weaknesses that's already a
different story and as far as the weaknesses are the better for the attacinkg
side,in his lat move white give black another weakness the a7 pawn} Qd8 34. b5
Rd6 $2 {losing immediately,the only chance was after Rc2 but anyway white's
position is close to winning} (34... Rc2 35. Bg4 Rf6 36. Bxe6 Bxe6 37. Rxe6
Rxe6 38. Qxe6 {[%csl Rg7]} Rxa2 39. Rc1 $18) 35. Bg4 Rf6 36. Qa3 $1 $18 Rf7 (
36... Qc7 $4 37. Rc1 Qd7 38. Rxc8 Qxc8 39. Qxd6) (36... Qe7 37. Rxd5 $1) (36...
Qd7 $8 {the only which does lose material} 37. R5e3 $1 {and white seemply
doubles his rooks along the "c" file and win...}) 37. Bxe6 Bxe6 38. Rxe6 Rxe6
39. Rxe6 Qd7 40. Qe3 {[%csl Rg7] in addition to his extra pawn,white has a
strong initiative thanks to black open king,this means the game is close to
it's end} Qxb5 $1 41. Qe5+ Kh6 42. g4 1-0

[Event "London Agency"]
[Site "London"]
[Date "1998.06.16"]
[Round "2"]
[White "Bates, Richard"]
[Black "Gormally, Daniel"]
[Result "0-1"]
[WhiteElo "2430"]
[BlackElo "2415"]
[Annotator "Har Zvi,R"]
[PlyCount "66"]
[EventDate "1998.06.15"]
[EventType "tourn"]
[EventRounds "9"]
[EventCountry "ENG"]
[EventCategory "9"]
[SourceTitle "CBM 066"]
[Source "ChessBase"]
[SourceDate "1998.09.30"]
[SourceVersion "1"]
[SourceVersionDate "1998.09.30"]
[SourceQuality "1"]

1. e4 c5 2. Nf3 d6 3. Bc4 Nf6 4. d3 Nc6 5. O-O (5. Nbd2 g6 6. a3 Bg7 7. O-O O-O
8. Ba2 b5 9. Re1 Rb8 10. c3 a5 11. d4 cxd4 12. cxd4 Qb6 13. Nf1 Bg4 $132 {
Adams,M-Khalifman,A/Arhus 1997}) 5... e6 6. Bb3 Be7 7. c3 O-O 8. Qe2 (8. Re1 b6
(8... d5 9. e5 Nd7 10. d4 b5 11. Nbd2 b4 12. Nf1 bxc3 13. bxc3 Ba6 14. Bc2 (14.
Ne3 $5) 14... Rc8 15. a3 Re8 16. Ne3 cxd4 17. cxd4 Bb5 18. g3 $36 {Leko,
P-Gelfand,B/Tilburg 1996}) 9. Nbd2 Bb7 (9... Ba6 $5) 10. Nf1 Rc8 11. Ng3 Ne5 (
11... Qc7) 12. d4 Nxf3+ (12... Ng6) 13. Qxf3 cxd4 14. cxd4 d5 15. e5 Ne4 16.
Qg4 Nxg3 $6 (16... Kh8) 17. hxg3 Kh8 18. Qe2 $1 $36 {Morozevich,A-Petrushin,A/
RUS-Cup Krasnodov 1997;CBM 59 [Har-Zvi,R]}) 8... d5 $5 9. e5 Nd7 10. d4 f6 $5 {
it's a correct idea not to take on "d4" since after it white gets a great
square for his knight on "c3"} 11. exf6 Nxf6 12. Bg5 Qc7 13. Nbd2 (13. Bh4 $5)
13... Bd6 14. Rac1 (14. Bh4 $5 cxd4 (14... Qb6 15. dxc5 Bxc5 16. c4 $14) 15.
cxd4 Nh5 $5 $132 (15... Qb6 16. Qd3 $14)) 14... cxd4 15. cxd4 Bd7 16. Rfe1 (16.
Bh4 Nh5 $132) 16... Qb6 17. Be3 $6 {this seems as an incorrect move,giving
black simply the chance to get a two bishops advantage} (17. Qd3 $5 $14) 17...
Ng4 $1 18. Bc2 Nxe3 19. fxe3 (19. Qxe3 Qxb2 $5 (19... Bf4 20. Qd3 g6 $132) 20.
Qd3 g6 21. Rb1 Qxa2 22. Ra1 (22. Rxb7 Nb4 $19) 22... Rxf3 23. Nxf3 Qc4 24. Qxc4
dxc4 25. Be4 $13 {/+/=}) 19... Rf6 {[%cal Ga8f8,Yd7e8,Ye8h5] black's plan now
is very simple and obvious but from some reason white simply ignored it and
after black played all his plan it was already too late! Qd3 forcing g6 and by
that stopping Be8-Bh5 seems logical} (19... Qxb2 $5 20. Qd3 g6 21. Rb1 Qa3 22.
Qxa3 Bxa3 23. Rxb7 $13) 20. Nb3 (20. Qd3 g6 {[%csl Rd7]} (20... Rh6 $5 {
this is maybe a good idea still fighting for the "d7" bishop})) 20... Raf8 21.
Bb1 (21. Qd3 Rh6 $36) 21... Be8 22. Nc5 Qc7 (22... Bh5 $2 23. Nd7) 23. Rf1 (23.
e4 $2 Nxd4 24. Nxd4 Bxc5 $19) (23. Kh1 $5 Qe7 $36 {[%cal Gf6h6]}) 23... Qe7 24.
Nd3 Bh5 25. Rf2 (25. Bc2 Rh6 26. h3 g5 $40 (26... Rhf6 $40)) 25... Rh6 26. g3
g5 27. Rcf1 Rhf6 28. Nde1 (28. Bc2 $5 Bg4 {[%cal Gh7h5,Gh5h4]}) 28... e5 $6 (
28... Bg4 {[%cal Gh7h5]}) 29. Qb5 {[%csl Rd5]} exd4 30. Qxd5+ Kh8 31. Qxg5 $4 (
31. exd4 h6 32. Qe4 Qg7 $44) 31... dxe3 $19 32. Qxh5 exf2+ 33. Kxf2 Bc5+ 0-1